[Event "Michigan Class D/E"]
[Site "Grand Rapids, MI"]
[Date "1997.01.19"]
[Round "4.3"]
[White "Jaskot, Allan"]
[Black "Priebe, Raymond"]
[Result "0-1"]
[WhiteElo "1302"]
[BlackElo "1337"]
[PlyCount "106"]
[EventDate "1997.01.18"]

1. Nf3 Nc6 2. d4 e6 3. Nc3 Bb4 4. a3 Bxc3+ 5. bxc3 b6 6. e4 d6 7. Bb5 Bd7 8.
O-O Nge7 9. Re1 O-O 10. c4 Nb8 11. e5 Bxb5 12. cxb5 d5 13. Bg5 c6 14. a4 Qd7
15. Rb1 cxb5 16. axb5 Nf5 17. Nh4 Nxh4 18. Bxh4 Qc7 19. Re3 Nd7 20. Rg3 f6 21.
exf6 Nxf6 22. Bxf6 Rxf6 23. Qd3 Raf8 24. f3 Rh6 25. Qd2 Rf4 26. Qf2 Qc4 27.
Rxg7+ Kxg7 28. Qg3+ Rg6 29. Qxf4 Qxc2 30. Qe5+ Kf7 31. Qf4+ Ke7 32. Qh4+ Ke8
33. g4 Qxb1+ 34. Kg2 Rg7 35. Qf6 Qg6 36. Qe5 Kf8 37. Qd6+ Re7 38. Qb8+ Qe8 39.
Qf4+ Kg8 40. Qg5+ Rg7 41. Qe5 h6 42. h4 Kh7 43. Qe2 Qg6 44. h5 Qxh5 45. Qxe6
Qg5 46. Kg3 h5 47. Qe2 hxg4 48. fxg4 Re7 49. Qh2+ Kg7 50. Qc2 Re3+ 51. Kf2 Qf4+
52. Kg1 Qxg4+ 53. Qg2 Rg3 0-1

[Event "Michigan Class D/E"]
[Site "Grand Rapids, MI"]
[Date "1997.01.19"]
[Round "4.7"]
[White "Jacobs, Ron"]
[Black "Belill, Nathan"]
[Result "1-0"]
[WhiteElo "1209"]
[BlackElo "1253"]
[PlyCount "74"]
[EventDate "1997.01.18"]

1. e4 e5 2. Nf3 Nc6 3. Bb5 a6 4. Bxc6 dxc6 5. O-O Bd6 6. d3 Nf6 7. Nbd2 O-O 8.
Re1 Re8 9. h3 Be6 10. Nf1 Qd7 11. Ng5 Bc5 12. Nxe6 Rxe6 13. Be3 Qd6 14. Bxc5
Qxc5 15. Re2 Rd8 16. Ng3 Ne8 17. Rd2 Qd6 18. Nf5 Qd7 19. Qe2 Nd6 20. Nxd6 cxd6
21. Qg4 Rg6 22. Qxd7 Rxd7 23. d4 Re6 24. Rad1 exd4 25. Rxd4 c5 26. Rd5 f6 27.
f3 g5 28. Kf2 Kf8 29. Kg3 Ke7 30. Kg4 Rd8 31. Kf5 Rg8 32. R1d2 h5 33. g4 h4 34.
Rf2 Kf7 35. f4 Rg6 36. Rfd2 gxf4 37. Kxf4 Ke7 {Remainder illegible, 88?} 1-0

[Event "Michigan Class B"]
[Site "Grand Rapids, MI"]
[Date "1997.01.19"]
[Round "5.4"]
[White "Imai, Toshio"]
[Black "Dorrington, Eldon"]
[Result "0-1"]
[WhiteElo "1700"]
[BlackElo "1613"]
[PlyCount "40"]
[EventDate "1997.01.18"]

1. e4 d5 2. exd5 Nf6 3. c4 e6 4. dxe6 Bxe6 5. Nc3 Nc6 6. Nf3 Qe7 7. Qe2 O-O-O
8. d3 Re8 9. Be3 Ng4 10. O-O-O Qd7 11. d4 Bf5 12. Ne5 Ngxe5 13. dxe5 Qe6 14.
Qd2 Bb4 15. Bd3 Rd8 16. Qc2 Bxd3 17. Rxd3 Qxc4 18. Nd5 Qxc2+ 19. Kxc2 Ba5 20.
f4 Rxd5 0-1

[Event "Michigan Class B"]
[Site "Grand Rapids, MI"]
[Date "1997.01.19"]
[Round "4.3"]
[White "Hencir, Edward"]
[Black "Thornton, Rome"]
[Result "0-1"]
[WhiteElo "1615"]
[BlackElo "1665"]
[PlyCount "88"]
[EventDate "1997.01.18"]

1. d4 Nf6 2. e3 d5 3. h3 c6 4. Nf3 Bf5 5. Nbd2 Nbd7 6. Bd3 Ne4 7. O-O e6 8. Qe2
Bd6 9. c4 Rc8 10. c5 Bb8 11. b4 Nc3 12. Qe1 Bxd3 13. Nb3 Bxf1 14. Qxc3 Be2 15.
Nfd2 f5 16. f4 Qh4 17. Bb2 Nf6 18. Nf1 Ne4 19. Qe1 Qxe1 20. Rxe1 Bb5 21. Nfd2
Nxd2 22. Nxd2 b6 23. Kf2 Bc7 24. Nb1 a5 25. a3 Kf7 26. Nc3 Bc4 27. Ra1 Ra8 28.
Na4 b5 29. Nb6 Bxb6 30. cxb6 axb4 31. b7 Ra7 32. Bc1 Rb8 33. Bd2 bxa3 34. Bb4
a2 35. Bc5 Ra4 36. Ke1 Rxb7 37. Kd2 b4 38. Kc2 b3+ 39. Kb2 Bd3 40. h4 Bb1 41.
g3 Rc4 42. Bd6 Rc2+ 43. Ka3 b2 44. Rxa2 Rc3+ 0-1

[Event "Michigan Class B"]
[Site "Grand Rapids, MI"]
[Date "1997.01.19"]
[Round "5.5"]
[White "Hencir, Edward"]
[Black "Stewart, Clinton"]
[Result "1-0"]
[WhiteElo "1615"]
[BlackElo "1662"]
[PlyCount "97"]
[EventDate "1997.01.18"]

1. d4 d5 2. e3 Nf6 3. h3 Ne4 4. Nf3 e6 5. Nbd2 Nc6 6. Bd3 Nxd2 7. Bxd2 Bd6 8.
c3 O-O 9. O-O f5 10. Nh2 e5 11. dxe5 Nxe5 12. Bc2 Qh4 13. f4 Nc4 14. Be1 Qh6
15. Qxd5+ Be6 16. Qf3 Rf6 17. b3 Nb6 18. c4 Bf7 19. Bc3 Bh5 20. Qf2 Rf7 21.
Rae1 Re8 22. a4 Nd7 23. b4 b6 24. Nf3 Nf6 25. Bxf5 Ne4 26. Bxe4 Rxe4 27. Ng5
Rfxf4 28. exf4 Rxf4 29. Nf3 Rxc4 30. Bd2 Qf6 31. Nh4 Rxh4 32. Qxf6 gxf6 33.
Rxf6 Bg6 34. Rfe6 Kf7 35. Bg5 Rxb4 36. Be7 Rxa4 37. Bxd6 cxd6 38. Re7+ Kf8 39.
Rd7 b5 40. Rxd6 b4 41. Rd8+ Kg7 42. Rb8 a5 43. Re7+ Kh6 44. Rb6 Ra3 45. h4 Kh5
46. Re5+ Kxh4 47. Kh2 b3 48. Rbb5 a4 49. Rb4+ 1-0

[Event "Michigan Class B"]
[Site "Grand Rapids, MI"]
[Date "1997.01.19"]
[Round "4.8"]
[White "Hazzard, Bill"]
[Black "Blanchard, Robert"]
[Result "0-1"]
[WhiteElo "1742"]
[BlackElo "1718"]
[PlyCount "146"]
[EventDate "1997.01.18"]

1. e4 c5 2. Nf3 d6 3. Bc4 e6 4. d3 g6 5. Bg5 Ne7 6. Bf6 Rg8 7. Ng5 h6 8. Nh7 a6
9. Nxf8 Rxf8 10. Nc3 Rg8 11. f4 Nd7 12. Bh4 b5 13. Bb3 Qc7 14. O-O Bb7 15. a4
b4 16. Ne2 a5 17. Bxe7 Kxe7 18. Ng3 Raf8 19. Qe2 Kd8 20. Rac1 Ba6 21. Bc4 Bxc4
22. dxc4 Nb8 23. Rcd1 Ke7 24. e5 dxe5 25. Qxe5 Qxe5 26. fxe5 Nc6 27. Ne4 Nxe5
28. b3 Rd8 29. Nxc5 Rxd1 30. Rxd1 Rd8 31. Rxd8 Kxd8 32. h3 Nc6 33. Nd3 f5 34.
Kf2 e5 35. Ke3 Ke7 36. Kd2 Kd6 37. c3 e4 38. Nf4 g5 39. Nd5 Kc5 40. cxb4+ axb4
41. Ke3 Na5 42. g4 f4+ 43. Kxe4 Nxb3 44. Kd3 Na5 45. Nc7 b3 46. Kc3 Nxc4 47.
Ne6+ Kd5 48. Nc7+ Ke4 49. Kxb3 f3 50. Kxc4 f2 51. Kb5 f1=Q+ 52. Kb6 Qxh3 53. a5
Qxg4 54. a6 Qc8 55. a7 g4 56. Na6 Qe6+ 57. Kb7 Qd5+ 58. Kb6 Qa8 59. Nc7 Qxa7+
60. Kxa7 g3 61. Ne6 g2 62. Nc5+ Ke3 63. Kb6 g1=Q 64. Kc6 h5 65. Ne6 h4 66. Kd5
h3 67. Ke5 h2 68. Kf5 h1=Q 69. Kf6 Qh6+ 70. Ke7 Qg4 71. Nf8 Qgg7+ 72. Ke8 Qxf8+
73. Kd7 Qf7+ 0-1

[Event "Michigan Masters/Experts"]
[Site "Grand Rapids, MI"]
[Date "1997.01.19"]
[Round "3.4"]
[White "Hater, David"]
[Black "Hankinson, Chris"]
[Result "0-1"]
[WhiteElo "2096"]
[BlackElo "2072"]
[PlyCount "76"]
[EventDate "1997.01.18"]

1. e4 g6 2. d4 Bg7 3. Nc3 c6 4. Be3 d5 5. Be2 dxe4 6. Nxe4 Qa5+ 7. c3 Nd7 8.
Qd2 Ngf6 9. Ng3 h5 10. Nf3 h4 11. Nf1 Ne4 12. Qc2 Ndf6 13. N1d2 Nxd2 14. Qxd2
h3 15. g3 Bf5 16. Ng5 Ne4 17. Nxe4 Bxe4 18. f3 Bf5 19. Bc4 Rd8 20. g4 Bc8 21.
Bg5 b5 22. Bb3 c5 23. Qe3 f6 24. Qe4 c4 25. Qxg6+ Kf8 26. Bc2 fxg5 27. Qxg5
Rxd4 28. O-O Rd6 29. Rae1 Qb6+ 30. Kh1 Rf6 31. Qe5 Rf7 32. Qg3 e5 33. Rxe5 Bxe5
34. Qxe5 Qf6 35. Qc5+ Kg7 36. g5 Qf4 37. g6 Rc7 38. Qxb5 Bb7 0-1

[Event "Michigan Masters/Experts"]
[Site "Grand Rapids, MI"]
[Date "1997.01.19"]
[Round "3.6"]
[White "Hartwig, Thomas"]
[Black "Ward, Tom"]
[Result "0-1"]
[WhiteElo "2020"]
[BlackElo "2270"]
[PlyCount "70"]
[EventDate "1997.01.18"]

1. e4 c5 2. Nf3 d6 3. d4 cxd4 4. Nxd4 Nf6 5. Nc3 a6 6. Bg5 e6 7. f4 Be7 8. Qf3
Qc7 9. O-O-O Nbd7 10. g4 b5 11. Bxf6 Nxf6 12. g5 Nd7 13. f5 Bxg5+ 14. Kb1 Ne5
15. Qh5 Qe7 16. Nxe6 Bxe6 17. fxe6 g6 18. exf7+ Kxf7 19. Qe2 Rhf8 20. Bh3 Nc4
21. e5 Qxe5 22. Qxe5 dxe5 23. Rd7+ Kg8 24. Be6+ Kh8 25. Ne4 Bf4 26. h4 Rad8 27.
Nf6 Rxd7 28. Nxd7 Nd2+ 29. Ka1 Re8 30. Nc5 Be3 31. Nxa6 Rxe6 32. Nc7 Rc6 33.
Nxb5 Rxc2 34. Nc3 Bd4 35. Na4 e4 0-1

[Event "Michigan Masters/Experts"]
[Site "Grand Rapids, MI"]
[Date "1997.01.19"]
[Round "4.3"]
[White "Hankinson, Chris"]
[Black "Jarosz, Stan"]
[Result "0-1"]
[WhiteElo "2072"]
[BlackElo "2000"]
[PlyCount "120"]
[EventDate "1997.01.18"]

1. Nf3 d5 2. e4 dxe4 3. Ng5 Nf6 4. Bc4 e6 5. Nc3 Be7 6. O-O O-O 7. Ngxe4 c5 8.
d3 Nc6 9. a3 b6 10. Bf4 Bb7 11. Re1 Nd5 12. Bd2 Ne5 13. Bxd5 exd5 14. Nxc5 Bxc5
15. Rxe5 Bxf2+ 16. Kh1 Qf6 17. Qe2 Bd4 18. Re7 Bc6 19. Rf1 Qg6 20. b4 a6 21.
Re1 h6 22. Nd1 Bf6 23. Re3 Bh4 24. Rg1 d4 25. Rh3 Rae8 26. Qf1 Qg4 27. Rxh4
Qxh4 28. b5 Bxb5 29. Bb4 Bc6 30. Bxf8 Kxf8 31. Qf5 Qg5 32. Qf2 Qg4 33. Rf1 f6
34. Qg3 Qxg3 35. hxg3 Re2 36. Kh2 Rxg2+ 37. Kh3 Rxc2 38. Rf4 Bd7+ 39. g4 h5 40.
Nf2 Bxg4+ 41. Nxg4 hxg4+ 42. Kxg4 Rc3 43. Rxd4 Rxa3 44. Kf5 Ra5+ 45. Ke6 Re5+
46. Kd6 Kf7 47. Ra4 a5 48. Ra1 Re6+ 49. Kd5 f5 50. d4 f4 51. Rf1 g5 52. Rh1 Rf6
53. Ke5 f3 54. d5 f2 55. Rf1 g4 56. d6 g3 57. d7 Re6+ 58. Kf4 Ke7 59. Rd1 Kd8
60. Kxg3 Re1 0-1

[Event "Michigan Masters/Experts"]
[Site "Grand Rapids, MI"]
[Date "1997.01.19"]
[Round "4.1"]
[White "Hahn, David"]
[Black "Czuhai, Kevin"]
[Result "1/2-1/2"]
[WhiteElo "2218"]
[BlackElo "2247"]
[PlyCount "92"]
[EventDate "1997.01.18"]

1. c4 Nf6 2. Nc3 e5 3. Nf3 Nc6 4. e3 d5 5. cxd5 Nxd5 6. Bb5 Nxc3 7. bxc3 Bd6 8.
d4 exd4 9. cxd4 O-O 10. O-O Bg4 11. h3 Bh5 12. Bb2 Qe7 13. Be2 Rae8 14. d5 Ne5
15. Nxe5 Bxe2 16. Qxe2 Bxe5 17. Bxe5 Qxe5 18. Qc4 Kh8 19. Rfc1 Re7 20. Rab1 b6
21. Rb3 f5 22. f4 Qf6 23. Qc6 Qh4 24. d6 cxd6 25. Qxd6 h6 26. Rc7 Rfe8 27. Rxe7
Qxe7 28. Qxe7 Rxe7 29. Kf2 Rc7 30. Kf3 g6 31. Rd3 b5 32. g4 fxg4+ 33. Kxg4 a5
34. Rd5 Rb7 35. Rd8+ Kg7 36. Ra8 a4 37. e4 Kf6 38. Ra6+ Kg7 39. f5 gxf5+ 40.
exf5 Rc7 41. Rg6+ Kf7 42. Rxh6 Rc2 43. Rb6 Rxa2 44. Rxb5 a3 45. Ra5 Rg2+ 46.
Kf4 a2 1/2-1/2

[Event "Michigan Class B"]
[Site "Grand Rapids, MI"]
[Date "1997.01.19"]
[Round "5.6"]
[White "Griffin, John"]
[Black "Kreger, David"]
[Result "1/2-1/2"]
[WhiteElo "1625"]
[BlackElo "1621"]
[PlyCount "42"]
[EventDate "1997.01.18"]

1. d4 Nf6 2. c4 e6 3. g3 Bb4+ 4. Bd2 Qe7 5. a3 Bxd2+ 6. Nxd2 c5 7. dxc5 Qxc5 8.
Bg2 O-O 9. Ngf3 d6 10. O-O Nbd7 11. Rc1 a5 12. Nb3 Qc7 13. Nbd4 Qc5 14. Nb3 Qb6
15. Qc2 Nc5 16. Nxc5 Qxc5 17. Nd2 a4 18. Ne4 Nxe4 19. Bxe4 h6 20. Rfd1 Ra5 21.
Qd2 Rd8 1/2-1/2

[Event "Michigan Class B"]
[Site "Grand Rapids, MI"]
[Date "1997.01.19"]
[Round "4.7"]
[White "Foord, Allan"]
[Black "Barta, Roger"]
[Result "0-1"]
[WhiteElo "1600"]
[BlackElo "1686"]
[PlyCount "76"]
[EventDate "1997.01.18"]

1. e4 e6 2. d4 d5 3. Nc3 Bb4 4. e5 c5 5. a3 Bxc3+ 6. bxc3 Qc7 7. Qg4 f5 8. Qf4
Nc6 9. Nf3 Nge7 10. Bb5 Bd7 11. Be3 Ng6 12. Qg5 cxd4 13. cxd4 Ncxe5 14. Bxd7+
Nxd7 15. Kd2 Nf6 16. Kc1 Ne4 17. Qh5 Rc8 18. Ra2 Nc3 19. Rb2 Ne2+ 20. Kb1 Nc3+
21. Kc1 Na4 22. Ne1 Nxb2 23. Kxb2 Qc3+ 24. Ka2 Rc6 25. Qe2 Ra6 26. Bc1 Kf7 27.
Bb2 Qc4+ 28. Qxc4 dxc4 29. Nf3 h6 30. Re1 Rc6 31. c3 Kf6 32. h4 b5 33. h5 Nf4
34. Ne5 Ra6 35. g4 fxg4 36. Nxg4+ Kg5 37. Bc1 Kxg4 38. Re4 Rf8 0-1

[Event "Michigan Class D/E"]
[Site "Grand Rapids, MI"]
[Date "1997.01.19"]
[Round "4.9"]
[White "Feguer, Mike"]
[Black "O'Dell, Ray"]
[Result "0-1"]
[WhiteElo "1105"]
[BlackElo "1217"]
[PlyCount "58"]
[EventDate "1997.01.18"]

1. e4 e5 2. Nf3 a6 3. Bc4 Nh6 4. d3 g6 5. Bxh6 Bxh6 6. Nxe5 Qf6 7. d4 d6 8. Nf3
Be6 9. Qe2 Nc6 10. Nc3 Nxd4 11. Nxd4 Qxd4 12. Bxe6 fxe6 13. Rd1 Qb6 14. e5 Qxb2
15. Qd3 O-O-O 16. O-O dxe5 17. Qc4 Qb6 18. Qh4 Be3 19. fxe3 Qxe3+ 20. Kh1 Rxd1
21. Rxd1 Qxc3 22. Qf6 Re8 23. h3 Qxc2 24. Rf1 Qxa2 25. Qxe5 Qd5 26. Qe3 Kb8 27.
Kh2 e5 28. Rb1 e4 29. Qa3 Qd6+ 0-1

[Event "Michigan Class A"]
[Site "Grand Rapids, MI"]
[Date "1997.01.19"]
[Round "4.1"]
[White "Evans Sr., Thomas"]
[Black "Skidmore, Mike"]
[Result "0-1"]
[WhiteElo "1924"]
[BlackElo "1972"]
[PlyCount "102"]
[EventDate "1997.01.18"]

1. e4 c6 2. d4 d5 3. e5 Bf5 4. Nf3 e6 5. Bd3 Bxd3 6. Qxd3 Nd7 7. O-O Ne7 8. Ng5
Ng6 9. f4 Be7 10. f5 Bxg5 11. fxg6 fxg6 12. Nd2 Qe7 13. c4 Bxd2 14. Bxd2 dxc4
15. Qxc4 Nb6 16. Qb3 Nd5 17. Qg3 Qd7 18. Bg5 Ne7 19. Rad1 Nf5 20. Qa3 h6 21.
Bc1 Qe7 22. Qd3 O-O-O 23. Be3 Rd5 24. g4 Nxe3 25. Qxe3 Rhd8 26. Rd3 Kb8 27. Qe4
Qg5 28. Rb3 Rxd4 29. Rf7 Qxg4+ 30. Qxg4 Rxg4+ 31. Kf2 b6 32. Re7 Rg5 33. Rxe6
Rd2+ 34. Ke3 Rd5 35. Ke4 Kc7 36. Rc3 Kd7 37. Rexc6 Rgxe5+ 38. Kf4 g5+ 39. Kg4
Rc5 40. R6xc5 Rxc5 41. Ra3 a5 42. Rb3 b5 43. Kh5 Ke7 44. Kg6 Kf8 45. Kh7 g4 46.
h3 h5 47. Kg6 Rc6+ 48. Kxh5 gxh3 49. Rf3+ Rf6 50. Re3 h2 51. Re1 Rh6+ 0-1

[Event "Michigan Class A"]
[Site "Grand Rapids, MI"]
[Date "1997.01.19"]
[Round "1.3"]
[White "Evans Sr., Thomas"]
[Black "Gaiefsky, Mike"]
[Result "1-0"]
[WhiteElo "1924"]
[BlackElo "1883"]
[PlyCount "45"]
[EventDate "1997.01.18"]

1. e4 b6 2. Nf3 Bb7 3. Nc3 e6 4. d4 Nf6 5. Bd3 Bb4 6. Qe2 h6 7. Bd2 O-O 8. h3
Nc6 9. g4 Nh7 10. O-O-O Be7 11. h4 Nb4 12. g5 Nxd3+ 13. Qxd3 h5 14. Rdg1 g6 15.
Ne2 a5 16. Nf4 Ba6 17. Qe3 c5 18. Bc3 cxd4 19. Qxd4 e5 20. Qxe5 f6 21. Qd5+ Kg7
22. gxf6+ Nxf6 23. Rxg6+ 1-0

[Event "Michigan Beginners"]
[Site "Grand Rapids, MI"]
[Date "1997.01.19"]
[Round "5.3"]
[White "Ellis, Carl"]
[Black "Choate, Eric"]
[Result "1-0"]
[WhiteElo "838"]
[BlackElo "903"]
[PlyCount "57"]
[EventDate "1997.01.19"]

1. e4 e5 2. Nf3 Nc6 3. Bc4 Bc5 4. d3 h6 5. O-O Nf6 6. Re1 O-O 7. b3 Nd4 8. Bb2
Nxf3+ 9. Qxf3 d6 10. h3 c6 11. a3 a5 12. d4 exd4 13. Rd1 b5 14. Be2 Re8 15.
Bxd4 Bxd4 16. Rxd4 d5 17. Nc3 Bb7 18. Rad1 Re5 19. Na2 Qe7 20. c4 dxe4 21. Qc3
Qxa3 22. Rd8+ Rxd8 23. Rxd8+ Kh7 24. Qxe5 Qxa2 25. Bd1 bxc4 26. bxc4 Qxc4 27.
Qf5+ g6 28. Qxf6 h5 29. Qh8# 1-0

[Event "Michigan Class A"]
[Site "Grand Rapids, MI"]
[Date "1997.01.19"]
[Round "5.1"]
[White "Eckert, William"]
[Black "Skidmore, Mike"]
[Result "0-1"]
[WhiteElo "1909"]
[BlackElo "1972"]
[PlyCount "108"]
[EventDate "1997.01.18"]

1. d4 d5 2. Nf3 Nf6 3. c4 e6 4. Nc3 c6 5. g3 dxc4 6. Bg2 Bb4 7. O-O Bxc3 8.
bxc3 O-O 9. Bg5 Nbd7 10. a4 Qa5 11. Qc2 h6 12. Bf4 Nd5 13. Bd6 Re8 14. Rfc1 f5
15. Nd2 N7f6 16. Nxc4 Qd8 17. Be5 b6 18. Nd6 Rf8 19. c4 Nb4 20. Qb3 a5 21. e4
fxe4 22. Nxe4 Ra7 23. Rd1 Nxe4 24. Bxe4 Raf7 25. Rd2 Qg5 26. Qe3 Qxe3 27. fxe3
Ba6 28. Rc1 Rd7 29. Bg2 Kh8 30. Bh3 Re8 31. Bf1 c5 32. Bg2 Red8 33. Bh3 Re8 34.
Bg2 Kg8 35. h4 Bb7 36. Bxb7 Rxb7 37. Rcd1 Nc6 38. Bd6 cxd4 39. exd4 Rd7 40. Ba3
Red8 41. d5 Ne5 42. Rf1 Nxc4 43. dxe6 Nxd2 44. Rf4 Nb1 45. e7 Nxa3 46. exd8=Q+
Rxd8 47. Rf3 Nc4 48. Rc3 Rd4 49. Kf2 Nb2 50. Ke3 Rxa4 51. Kd2 Nc4+ 52. Kc2 b5
53. g4 Ne5 54. g5 Rc4 0-1

[Event "Michigan Class B"]
[Site "Grand Rapids, MI"]
[Date "1997.01.19"]
[Round "4.9"]
[White "Dunlap, Robert"]
[Black "Griffin, John"]
[Result "0-1"]
[WhiteElo "1707"]
[BlackElo "1625"]
[PlyCount "138"]
[EventDate "1997.01.18"]

1. c4 c5 2. Nf3 Nf6 3. Nc3 e6 4. e4 d6 5. d3 Be7 6. Be2 O-O 7. Be3 Nc6 8. d4
Ng4 9. d5 Nxe3 10. fxe3 Nb8 11. O-O a6 12. Qd2 Nd7 13. a3 Nf6 14. e5 Ng4 15.
exd6 Qxd6 16. Ne4 Qc7 17. d6 Bxd6 18. Qxd6 Qxd6 19. Nxd6 Nxe3 20. Nxc8 Nxf1 21.
Ne7+ Kh8 22. Ne5 Rae8 23. Nd7 Rxe7 24. Nxf8 Ne3 25. Kf2 Nc2 26. Rd1 Nd4 27. b4
b6 28. bxc5 bxc5 29. Rb1 g6 30. Rb8 Kg7 31. Rd8 Nc6 32. Rd6 Nd4 33. Rd8 Nc6 34.
Rc8 Nd4 35. Bf3 e5 36. Bd5 e4 37. Rd8 e3+ 38. Ke1 e2 39. Ne6+ Nxe6 40. Bxe6
Rxe6 41. Rd5 Re3 42. Rxc5 Rxa3 43. Kxe2 a5 44. Rc8 a4 45. c5 Kf6 46. h3 Ke7 47.
Kd2 Ra2+ 48. Kc3 Rxg2 49. Kb4 a3 50. Kxa3 Rg3+ 51. Kb4 Kd7 52. Rf8 Rf3 53. Kb5
Kc7 54. h4 h6 55. Rh8 h5 56. Rf8 f6 57. Rf7+ Kd8 58. c6 Rf1 59. Kb6 Rb1+ 60.
Kc5 Rc1+ 61. Kd6 Rd1+ 62. Ke6 Rd4 63. Kxf6 Rxh4 64. Kxg6 Rh1 65. Kg5 h4 66. Rh7
h3 67. Kf6 h2 68. Ke6 Re1+ 69. Kd6 Rd1+ 0-1

[Event "Michigan Class B"]
[Site "Grand Rapids, MI"]
[Date "1997.01.19"]
[Round "5.7"]
[White "Dunlap, Robert"]
[Black "Foord, Allan"]
[Result "0-1"]
[WhiteElo "1707"]
[BlackElo "1600"]
[PlyCount "122"]
[EventDate "1997.01.18"]

1. c4 Nf6 2. d4 g6 3. Nc3 d5 4. Nf3 Bg7 5. Bg5 c6 6. Rc1 O-O 7. e3 h6 8. Bxf6
Bxf6 9. Qb3 dxc4 10. Bxc4 Nd7 11. O-O Qb6 12. Qc2 Kg7 13. Ne4 e6 14. Bd3 Be7
15. Ng3 f5 16. Ne2 Nf6 17. Ne5 Nd5 18. a3 a5 19. Nc3 Rf6 20. Nxd5 exd5 21. f4
Be6 22. Rf3 Rc8 23. Rg3 c5 24. Qb1 cxd4 25. Rxc8 Bxc8 26. Qc2 dxe3 27. Kf1 Qc5
28. h4 Qxc2 29. Bxc2 Bd6 30. Rxe3 Bxe5 31. fxe5 Rc6 32. Ba4 Rc4 33. Be8 Rxh4
34. e6 Re4 35. Rxe4 fxe4 36. Bd7 Kf6 37. Bxc8 e3 38. Ke2 d4 39. b4 axb4 40.
axb4 b6 41. Kd3 h5 42. Ke2 h4 43. Kd3 g5 44. Ke2 Ke7 45. Kd3 g4 46. Bb7 Kd6 47.
e7 Kxe7 48. Bc8 g3 49. Bg4 Kd6 50. Bf3 Ke5 51. b5 Kf4 52. Bc6 Ke5 53. Ke2 Kf4
54. Bd5 Ke5 55. Bc4 Ke4 56. Bd3+ Kf4 57. Kf1 Kg4 58. Be2+ Kf4 59. Bd3 Ke5 60.
Ke2 h3 61. gxh3 g2 0-1

[Event "Michigan Masters/Experts"]
[Site "Grand Rapids, MI"]
[Date "1997.01.19"]
[Round "3.1"]
[White "Czuhai, Kevin"]
[Black "Kitts, Gary"]
[Result "1-0"]
[WhiteElo "2247"]
[BlackElo "2000"]
[PlyCount "91"]
[EventDate "1997.01.18"]

1. Nf3 d5 2. b3 Bf5 3. Bb2 e6 4. e3 h6 5. Be2 Nf6 6. Ne5 Nbd7 7. f4 Nxe5 8.
Bxe5 Bd6 9. Bb2 Qe7 10. d4 Ne4 11. O-O O-O-O 12. c4 c6 13. c5 Bc7 14. Nc3 Rhg8
15. Nxe4 Bxe4 16. Bd3 f5 17. Bxe4 fxe4 18. g3 Qf7 19. b4 h5 20. b5 cxb5 21. a4
b4 22. a5 g5 23. a6 b6 24. Qa4 Qe8 25. cxb6 Qxa4 26. b7+ Kb8 27. Rxa4 gxf4 28.
exf4 h4 29. Kf2 Rd6 30. Rc1 hxg3+ 31. hxg3 Rb6 32. Rc2 Rh8 33. Kg2 e5 34. dxe5
Rbh6 35. Rxc7 Kxc7 36. Rxb4 Rh2+ 37. Kg1 Rh1+ 38. Kf2 R8h2+ 39. Ke3 Re1+ 40.
Kd4 Rd1+ 41. Kc5 Rc2+ 42. Kb5 e3 43. e6 Rxb2 44. Rxb2 Rd2 45. Rb1 e2 46. Rc1+
1-0

[Event "Michigan Class A"]
[Site "Grand Rapids, MI"]
[Date "1997.01.19"]
[Round "5.2"]
[White "Croel, Duane"]
[Black "Evans Sr., Thomas"]
[Result "0-1"]
[WhiteElo "1821"]
[BlackElo "1924"]
[PlyCount "84"]
[EventDate "1997.01.18"]

1. d4 e6 2. c4 d5 3. cxd5 exd5 4. Nc3 Nf6 5. Bg5 Be7 6. e3 c6 7. Bd3 Nbd7 8.
Nf3 h6 9. Bh4 Qc7 10. Rc1 a6 11. Bg3 Bd6 12. a3 O-O 13. b4 Re8 14. O-O Bxg3 15.
hxg3 Qd6 16. Qb3 Nf8 17. a4 Be6 18. a5 Ne4 19. Na4 Ng6 20. Nc5 Qe7 21. Qb1 Bg4
22. Qc2 Rad8 23. Rfe1 Bc8 24. Nd2 f5 25. Nf1 Qd6 26. Qa4 Nf8 27. Rc2 Ne6 28.
Rec1 g5 29. Nxa6 bxa6 30. Rxc6 Qd7 31. Qb3 Bb7 32. Rb6 Rc8 33. Rc5 N6xc5 34.
bxc5 Rc7 35. f3 Rf8 36. fxe4 fxe4 37. Bxe4 Qf7 38. Rg6+ Kh8 39. Rxh6+ Kg8 40.
Rg6+ Kh8 41. Bd3 Qf2+ 42. Kh1 Rh7+ 0-1

[Event "Michigan Class A"]
[Site "Grand Rapids, MI"]
[Date "1997.01.19"]
[Round "4.3"]
[White "Croel, Duane"]
[Black "Estlick, Laurence"]
[Result "1/2-1/2"]
[WhiteElo "1821"]
[BlackElo "1974"]
[PlyCount "106"]
[EventDate "1997.01.18"]

1. d4 Nf6 2. c4 e6 3. Nf3 b6 4. e3 Bb7 5. Bd3 Be7 6. O-O O-O 7. b3 d5 8. Nbd2
Nbd7 9. Bb2 Rc8 10. Rc1 c5 11. Qe2 cxd4 12. exd4 Re8 13. cxd5 Nxd5 14. Ba6 Nf4
15. Qb5 Bxa6 16. Qxa6 Nb8 17. Rxc8 Qxc8 18. Qc4 Qc6 19. Rc1 Rc8 20. Qf1 Qb7 21.
Rxc8+ Qxc8 22. Qc4 Qc6 23. g3 Nh3+ 24. Kf1 Ng5 25. Qxc6 Nxc6 26. Ke2 Nxf3 27.
Nxf3 f6 28. a3 Na5 29. Nd2 Kf7 30. Kd3 Ke8 31. b4 Nb7 32. b5 Kd7 33. a4 Bb4 34.
Nc4 h5 35. f3 Be1 36. Ke2 Bb4 37. Kd3 Nd6 38. Ne3 g6 39. h3 Nf5 40. Nxf5 gxf5
41. Bc1 Kd6 42. Bh6 Kd5 43. Bg7 Be7 44. g4 fxg4 45. fxg4 hxg4 46. h4 f5 47. h5
g3 48. Ke3 Bg5+ 49. Kf3 f4 50. h6 Bxh6 51. Bxh6 Kxd4 52. Bxf4 g2 53. Kxg2 e5
1/2-1/2

[Event "Michigan Beginners"]
[Site "Grand Rapids, MI"]
[Date "1997.01.19"]
[Round "5.2"]
[White "Crist, Kevin"]
[Black "Nolan, Dan"]
[Result "1-0"]
[WhiteElo "890"]
[BlackElo "966"]
[PlyCount "89"]
[EventDate "1997.01.19"]

{5/(2)} 1. e4 c5 2. Bc4 d6 3. Nf3 Nf6 4. d3 g6 5. Ng5 e6 6. O-O Bg7 7. Nc3 O-O
8. Be3 d5 9. Bxc5 Re8 10. exd5 exd5 11. Bb5 Nc6 12. Re1 Rxe1+ 13. Qxe1 a6 14.
Bxc6 bxc6 15. Qe7 Qd7 16. Re1 Bb7 17. Qxd7 Nxd7 18. Na4 Bxb2 19. Nxb2 Nxc5 20.
Re7 Rf8 21. g3 Ba8 22. Kg2 d4 23. Nf3 Ne6 24. Na4 c5 25. c4 Bxf3+ 26. Kxf3 Rb8
27. Ra7 Ng5+ 28. Kg2 Re8 29. Nxc5 Re2 30. Rxa6 h5 31. a4 Kg7 32. a5 Kh6 33. Rd6
Ra2 34. a6 f5 35. Rxd4 Ne6 36. Nxe6 Rxa6 37. Nf8 g5 38. Rd7 g4 39. h4 gxh3+ 40.
Kxh3 Kg5 41. f3 h4 42. f4+ Kh5 43. Rh7+ Rh6 44. Rxh6+ Kxh6 45. c5 1-0

[Event "Michigan Class D/E"]
[Site "Grand Rapids, MI"]
[Date "1997.01.19"]
[Round "5.1"]
[White "Cowans, Winston"]
[Black "Worley, Ron"]
[Result "0-1"]
[WhiteElo "1312"]
[BlackElo "1352"]
[PlyCount "106"]
[EventDate "1997.01.18"]

1. Nf3 c5 2. d3 Nc6 3. e4 e5 4. g3 Nf6 5. Bg5 Be7 6. Bg2 O-O 7. O-O d6 8. Nbd2
Be6 9. h4 Qd7 10. Nh2 Ng4 11. Bh3 Bxg5 12. hxg5 Nxh2 13. Bxe6 Qxe6 14. Kxh2 f6
15. f4 fxg5 16. f5 Qh6+ 17. Kg2 g6 18. Rh1 Qg7 19. Nf3 gxf5 20. Rh5 h6 21. Qh1
g4 22. Nh4 Ne7 23. exf5 Rf6 24. Qh2 Qf7 25. Ng6 Nxg6 26. Rxh6 Nf4+ 27. gxf4
Rxh6 28. Qxh6 Qxf5 29. Rh1 Kf7 30. Rh5 Qxf4 31. Qh7+ Ke6 32. Rh6+ Kd5 33. c4+
Kc6 34. Qe4+ Qxe4+ 35. dxe4 Rf8 36. Rg6 Rf4 37. Kg3 Rxe4 38. Rxg4 Rxg4+ 39.
Kxg4 b5 40. b3 a5 41. Kf5 d5 42. Kxe5 dxc4 43. bxc4 bxc4 44. Ke4 Kb5 45. Ke3
Kb4 46. Kd2 c3+ 47. Kc2 Kc4 48. a3 a4 49. Kc1 Kb3 50. Kb1 c2+ 51. Kc1 c4 52.
Kd2 Kb2 53. Ke2 c1=Q 0-1

[Event "Michigan Class D/E"]
[Site "Grand Rapids, MI"]
[Date "1997.01.19"]
[Round "4.2"]
[White "Cowans, Winston"]
[Black "Kotman, Stuart"]
[Result "1-0"]
[WhiteElo "1312"]
[BlackElo "786"]
[PlyCount "63"]
[EventDate "1997.01.18"]

1. Nf3 Nf6 2. d3 g6 3. e4 Bg7 4. Nc3 c5 5. e5 Ng4 6. Bf4 Nc6 7. Qe2 O-O 8. h3
Nh6 9. g4 Re8 10. Qe3 Nd4 11. Nxd4 cxd4 12. Qxd4 f5 13. O-O-O d6 14. Qd5+ Kh8
15. g5 Nf7 16. Qxf7 e6 17. exd6 Bd7 18. d4 Qc8 19. Be5 Bxe5 20. dxe5 Rf8 21.
Qe7 Re8 22. Qf6+ Kg8 23. Bb5 Bxb5 24. Nxb5 Qd7 25. Nc7 Rf8 26. Qxe6+ Qxe6 27.
Nxe6 Rf7 28. d7 Re7 29. f4 Rxe6 30. d8=Q+ Rxd8 31. Rxd8+ Kf7 32. Rhd1 1-0